El viejo y el mar / (Registro nro. 9325)

Detalles MARC
000 -LIDER
fixed length control field 00498nam a22001937a 4500
001 - NÚMERO DE CONTROL
Identificador de número de control 00111
003 - IDENTIFICACDOR DE NÚMERO DE CONTROL
control field DO-SdBNP
005 - DATE AND TIME OF LATEST TRANSACTION
control field 20180208091250.0
007 - CAMPOS FIJOS DE DESCRIPCIÓN FÍSICA
fixed length control field 00111
008 - ELEMENTOS DE LONGITUD FIJA
fixed length control field 160318b xxu 19uu ||||| |||| 00| 0 spa d
040 ## - FUENTE DE CATALOGACIÓN
Agencia que crea de manera original el registro BPMSU
Idioma de catalogación spa
Agencia que realiza la transcripción BPMSU
100 10 - ASIENTO PRINCIPAL -- NOMBRE PERSONAL
Nombre personal Hemingway, Ernest,
245 13 - MENCIÓN DE TITULO
Título El viejo y el mar /
Mención de responsabilidad Ernest Hemingway
260 ## - PUBLICACIÓN, DISTRIBUCIÓN, ETC. (PIE DE IMPRENTA)
Lugar de publicación, distribución, etc (s. n.) :
Nombre del editor, distribuidor, etc. (s. f.),
Fecha de publicación, distribución, etc (s. l.)
300 ## - DESCRIPCIÓN FÍSICA
Extensión 39 p. :
Otros detalles físicos il.,
Dimensiones 21 cm.
942 ## - ADDED ENTRY ELEMENTS (KOHA)
Source of classification or shelving scheme Dewey Decimal Classification
Koha item type Libros
945 ## - INFORMACIÓN DE PROCESAMIENTO LOCAL
Información de procesamiento local Inventariado, 2018/MFF
956 ## - LOCAL ELECTRONIC LOCATION AND ACCESS (OCLC)
Nombre de host Brenda Tavárez
Existencias
Withdrawn status Lost status Source of classification or shelving scheme Damaged status Not for loan Collection code Home library Current library Date acquired Source of acquisition Total Checkouts Barcode Date last seen Price effective from Koha item type
    Dewey Decimal Classification     Colección General Biblioteca Pública Metropolitana Salomé Ureña Biblioteca Pública Metropolitana Salomé Ureña 03/18/2016 Donación   BPMSU16030204 03/18/2016 03/18/2016 Libros